International Flights from US Pacific States - Statistics

General Stats
  • This quiz has been taken 56 times
    44 since last reset
  • The average score is 71 of 125
Answer Stats
Answer % Correct
Honolulu
93%
Los Angeles
93%
San Francisco
93%
Seattle
93%
Portland
89%
Abu Dhabi
86%
Anchorage
86%
Auckland
86%
San Diego
86%
Sydney
86%
Oakland
82%
San José
82%
San José de Costa Rica
82%
Amsterdam
79%
Beijing
79%
Cancún
79%
Hong Kong
79%
London
79%
Melbourne
79%
Mexico City
79%
Tokyo
79%
Vancouver
79%
Brisbane
75%
Dubai
75%
Paris
75%
Sacramento
75%
Calgary
71%
Doha
71%
Istanbul
71%
Manila
71%
Montréal
71%
Münich
71%
Osaka
71%
Rome
71%
Shanghai
71%
Singapore
71%
Taipei
71%
Tel Aviv
71%
Toronto
71%
Zürich
71%
Copenhagen
68%
Delhi
68%
Dublin
68%
Edmonton
68%
Frankfurt
68%
Guadalajara
68%
Lima
68%
Madrid
68%
Monterrey
68%
Moscow
68%
Riyadh
68%
San Salvador
68%
Santiago de Chile
68%
Seoul
68%
Shenzhen
68%
Vienna
68%
Warsaw
68%
Bogotá
64%
Chengdu
64%
Guangzhou
64%
Helsinki
64%
Panama City
64%
Xi'an
64%
Chongqing
61%
Guatemala City
61%
Jeddah
61%
Lisbon
61%
Nagoya
61%
Nanjing
61%
Qingdao
61%
Reykjavík
61%
Xiamen
61%
Barcelona
57%
Fresno
57%
Fukuoka
57%
Hangzhou
57%
Kuala Lumpur
57%
Wuhan
57%
Cebu
54%
Fairbanks
54%
Nadi
54%
San José del Cabo
54%
Sapporo
54%
Shenyang
54%
Winnipeg
54%
Kahului
50%
Kailua-Kona
50%
Manchester
50%
Ontario
50%
Palm Springs
50%
Apia
46%
Lihue
46%
Papeete
46%
Changsha
43%
Kunming
43%
Puerto Vallarta
43%
Belize City
39%
Aguascalientes
36%
Bangalore
32%
Durango
32%
Morelia
32%
Oaxaca
32%
San Pedro Sula
32%
Ixtapa/Zihuatanejo
29%
Zacatecas
29%
Jinan
25%
León/Del Bajío
25%
Liberia
25%
Majuro
25%
Mazatlán
25%
Santa Ana
25%
Cozumel
21%
Kelowna
21%
Manzanillo
21%
Terceira
21%
Loreto
18%
Avarua
14%
Guayaquil
14%
Kosrae
14%
Petropavlovsk-Kamchatsky
14%
Pohnpei
14%
Uruapan
14%
Weno
14%
Dawson
11%
Kiritimati
11%
No matching quizzes found
Score Distribution
Percent of People with Each Score
Percentile by Number Answered
Your Score History
You have not taken this quiz since the last reset